Playing with Plannet. (Record no. 5627)

MARC details
000 -LEADER
fixed length control field 00527nam a22002057a 4500
003 - CONTROL NUMBER IDENTIFIER
control field OSt
005 - DATE AND TIME OF LATEST TRANSACTION
control field 20170302153231.0
008 - FIXED-LENGTH DATA ELEMENTS--GENERAL INFORMATION
fixed length control field 170302b xxu||||| |||| 00| 0 eng d
020 ## - INTERNATIONAL STANDARD BOOK NUMBER
International Standard Book Number 9789812790200
020 ## - INTERNATIONAL STANDARD BOOK NUMBER
International Standard Book Number 9812790209
040 ## - CATALOGING SOURCE
Transcribing agency DDC.
082 ## - DEWEY DECIMAL CLASSIFICATION NUMBER
Classification number 530HOO 2006.
100 ## - MAIN ENTRY--PERSONAL NAME
Personal name 't Hooft,Gerald;
9 (RLIN) 11736
245 ## - TITLE STATEMENT
Title Playing with Plannet.
260 ## - PUBLICATION, DISTRIBUTION, ETC. (IMPRINT)
Place of publication, distribution, etc. New Jersey.
Name of publisher, distributor, etc. World Scientific.
Date of publication, distribution, etc. 2006
300 ## - PHYSICAL DESCRIPTION
Extent vii,143p;
Other physical details ill:
Dimensions 26cm.
504 ## - BIBLIOGRAPHY, ETC. NOTE
Bibliography, etc includes illustrations.
650 ## - SUBJECT ADDED ENTRY--TOPICAL TERM
Topical term or geographic name as entry element Physics.
9 (RLIN) 809
942 ## - ADDED ENTRY ELEMENTS (KOHA)
Source of classification or shelving scheme Dewey Decimal Classification
Koha item type Open Shelf

No items available.